Bienvenue à la Médiathèque de Saint-Andiol
banniere
Accueil Recherche avancée Mon compte
handi1 Rechercher dans le catalogue

Filtre   Mots-clés
  Recherche avancée
 
Lister les dernières nouveautés
 
Lister les livres GROS CARACTERES
 
Lister les périodiques (magazines)

handi1 Nocturna

<< Retourner aux résultats de la recherche
Book Cover
Auteur principal : Shannon Messenger
Autres auteurs : Mathilde Tamae-Bouhon
Titre : Nocturna
Support : Livres
Langue : Francais
Publié : 2019 Pocket jeunesse PKJ Paris
Series : Gardiens des cités perdues
Genre : Science fiction
Collection : Gardiens des cités perdues
Sujets :
Étiquettes :
Pas de tags
LEADER 01434nam0a2200241 450
001 16851160
010 |a 978-2-266-29382-2  |b br.  |d 8,7 € 
100 |a 20200611d2019 u u0frey01 ba 
101 1 |a fre  |c eng 
102 |a FR 
200 0 |a Nocturna  |f Shannon Messenger  |g traduit de l'anglais (Etats-Unis) par Mathilde Tamae-Bouhon 
207 1 |a   
210 |a Paris  |c Pocket jeunesse PKJ  |d 2019 
215 |a 1 vol. (764 p.)  |c Couv. ill. en coul.  |d 18 cm 
225 1 |a Gardiens des cités perdues  |v 6 
327 |a Best Seller 
330 |a Le sixième tome de la série à succès de Lumen, maintenant en poche label Best-seller ! En proie au deuil et à l'incertitude, Sophie doit changer de tactique pour sauver les siens. Nocturna... Dans l'esprit de Sophie, ce mot brille comme un astre. Car c'est sans doute là que se trouve sa famille humaine, enlevée par les Invisibles ; là aussi que l'attendent les réponses à toutes ses questions. Or, Sophie va devoir pactiser avec plusieurs de ses ennemis pour s'y rendre. Rongée par le doute et par la peur, elle ignore encore que Nocturna dissimule un secret ancestral qui pourrait bien changer la face du monde. 
461 0 |t Gardiens des cités perdues  |v 6 
700 0 |a Messenger  |b Shannon  |4 70 
702 0 |a Tamae-Bouhon  |b Mathilde  |4 730 
900 |a Science fiction 
901 |a Adultes 
995 |a Médiathèque  |c Médiathèque  |f 089017422  |h 089017422  |k J MES 6 SF  |o p  |q a  |r az  |e Médiathèque